| 000 | 00812cam a22002771 4500 | ||
|---|---|---|---|
| 001 | 16448 | ||
| 003 | BD-RjUL | ||
| 005 | 20211209000018.0 | ||
| 008 | 140213s1964 nyua 001 0 eng d | ||
| 035 | _a(BD-RjUL)16503 | ||
| 035 | _a(OCoLC)1355455 | ||
| 040 |
_aDLC _cFO _dCRedlU _dDLC _dBD-RjUL _beng |
||
| 041 | _aeng | ||
| 082 | 0 | 0 |
_a796.323077 _bANC 1964 |
| 100 | 1 |
_aAnderson, Forrest. _950862 |
|
| 245 | 1 | 0 |
_aCoaching better basketball / _cby Forrest Anderson and Stan Albeck. |
| 260 |
_aNew York : _bRonald Press Co. _c1964. |
||
| 300 |
_avii, 259 p. : _billus. _c26 cm. |
||
| 490 | 0 | _aRonald sports library | |
| 504 | _aIncludes index. | ||
| 650 | 0 |
_aBasketball _xCoaching. _9674 |
|
| 700 | 1 |
_aAlbeck, Stan, _ejoint author. _950863 |
|
| 942 |
_2ddc _cBK |
||
| 999 |
_c16448 _d16448 |
||